[Event "Olympiad Women-42"]
[Site "Baku"]
[Date "2016.09.06"]
[Round "5.1"]
[White "Shaikha, Abdallah Aldhaheri"]
[Black "Shabanaj, Eglantina"]
[Result "0-1"]
[WhiteElo "1495"]
[BlackElo "1932"]
[PlyCount "120"]
[EventDate "2016.09.02"]
[EventType "team-swiss"]
[EventRounds "11"]
[EventCountry "AZE"]
[SourceTitle "CBM 174 Extra"]
[Source "ChessBase"]
[SourceDate "2016.10.10"]
[SourceVersion "1"]
[SourceVersionDate "2016.10.10"]
[SourceQuality "1"]
[WhiteTeam "United Arab Emirates (W)"]
[BlackTeam "Albania (W)"]
[WhiteTeamCountry "UAE"]
[BlackTeamCountry "ALB"]

1. d4 d5 2. c4 c6 3. e3 g6 4. Nf3 Bg4 5. h3 Bxf3 6. Qxf3 Bg7 7. cxd5 cxd5 8. Nc3 e6 9. Bd3 Ne7 10. 0-0 0-0 11. Bd2 Nbc6 12. Rac1 f5 13. Qe2 f4 14. Bb1 Nf5 15. Bxf5 Rxf5 16. Qd1 f3 17. g3 h5 18. Be1 Qe7 19. Kh2 Raf8 20. Qd2 Bh6 21. Rd1 Qc7 22. Kh1 h4 23. g4 R5f7 24. Na4 Bg5 25. Nc5 Qd6 26. Qc3 Bd8 27. Nd3 Bc7 28. Ne5 Nxe5 29. dxe5 Qxe5 30. Qxe5 Bxe5 31. Bc3 Bxc3 32. bxc3 Rc7 33. Rb1 b6 34. Rb3 Rfc8 35. Rc1 g5 36. Kg1 Kf7 37. Kf1 Rc4 38. Ke1 e5 39. Kd2 Ke6 40. Kd3 R8c5 41. Ra3 Rc7 42. Rc2 Kd6 43. Rb3 R7c6 44. Rcb2 Kc7 45. a3 a6 46. Rc2 b5 47. Rb4 R4c5 48. Rb3 a5 49. Rb1 Kb6 50. Rbc1 Rc4 51. Kd2 Ra4 52. Ra2 b4 53. cxb4 axb4 54. Rxc6+ Kxc6 55. Rc2+ Kd6 56. axb4 Rxb4 57. Kd3 e4+ 58. Kd2 Rb1 59. Rc8 Rf1 60. Rd8+ Ke6 0-1

[Event "Olympiad Women-42"]
[Site "Baku"]
[Date "2016.09.04"]
[Round "3.41"]
[White "Geldyeva, Mekhri"]
[Black "Shaikha, Abdallah Aldhaheri"]
[Result "1-0"]
[WhiteElo "2285"]
[BlackElo "1495"]
[PlyCount "63"]
[EventDate "2016.09.02"]
[EventType "team-swiss"]
[EventRounds "11"]
[EventCountry "AZE"]
[SourceTitle "CBM 174 Extra"]
[Source "ChessBase"]
[SourceDate "2016.10.10"]
[SourceVersion "1"]
[SourceVersionDate "2016.10.10"]
[SourceQuality "1"]
[WhiteTeam "Turkmenistan (W)"]
[BlackTeam "United Arab Emirates (W)"]
[WhiteTeamCountry "TKM"]
[BlackTeamCountry "UAE"]

1. d4 Nf6 2. Nf3 g6 3. Bg5 Bg7 4. Nbd2 d5 5. e3 0-0 6. Bd3 Nbd7 7. 0-0 Re8 8. c4 c6 9. cxd5 Nxd5 10. a3 Qc7 11. Rc1 N5b6 12. b4 e5 13. b5 exd4 14. exd4 Qd6 15. bxc6 bxc6 16. a4 Bb7 17. a5 Nd5 18. Ne4 Qa3 19. Ra1 Qf8 20. a6 Bc8 21. Bh4 f5 22. Ned2 N7b6 23. Nc4 Nc3 24. Qb3 Nbd5 25. Rfc1 Nb5 26. Nce5 Nxd4 27. Nxd4 Bxe5 28. Rxc6 Qf7 29. Bc4 Be6 30. Rxe6 Reb8 31. Qd3 Qd7 32. Rxe5 1-0

[Event "Asia Cup (Women)"]
[Site "Abu Dhabi"]
[Date "2016.04.05"]
[Round "9.2"]
[White "Shaikha, Abdallah Aldhaheri"]
[Black "Munguntuul, Batkhuyag"]
[Result "0-1"]
[WhiteElo "1587"]
[BlackElo "2444"]
[PlyCount "92"]
[EventDate "2016.03.28"]
[EventType "team-swiss"]
[EventRounds "9"]
[EventCountry "UAE"]
[SourceTitle "CBM 171 Extra"]
[Source "ChessBase"]
[SourceDate "2016.04.26"]
[SourceVersion "1"]
[SourceVersionDate "2016.04.26"]
[SourceQuality "1"]
[WhiteTeam "United Arab Emirates (W) II"]
[BlackTeam "Mongolia (W)"]
[WhiteTeamCountry "UAE"]
[BlackTeamCountry "MGL"]

1. d4 Nf6 2. Nf3 b6 3. c4 Bb7 4. g3 d6 5. Bg2 Nbd7 6. 0-0 e5 7. Nc3 Be7 8. Qc2 0-0 9. dxe5 dxe5 10. e4 c6 11. b3 Qc7 12. Bb2 Rfe8 13. Rad1 Bf8 14. Rfe1 a5 15. Qc1 Nc5 16. h3 Rad8 17. Bf1 Nfd7 18. Bd3 Nxd3 19. Rxd3 Nc5 20. Rxd8 Rxd8 21. Rd1 f6 22. Ne1 Bc8 23. Kg2 Rd4 24. Nf3 Rd7 25. Qc2 Qd8 26. Bc1 Rxd1 27. Nxd1 Nxe4 28. Qxe4 Qxd1 29. Qxc6 Bd7 30. Qd5+ Qxd5 31. cxd5 Bc8 32. Be3 b5 33. Bb6 a4 34. Bc7 Kf7 35. Kf1 Bb7 36. d6 Ke6 37. Nd2 Bd5 38. bxa4 bxa4 39. a3 Bxd6 40. Bxd6 Kxd6 41. Ke2 Kc5 42. Ke3 f5 43. f3 g5 44. h4 f4+ 45. gxf4 exf4+ 46. Kd3 gxh4 0-1

[Event "Asia Cup (Women)"]
[Site "Abu Dhabi"]
[Date "2016.04.03"]
[Round "7.2"]
[White "Shaikha, Abdallah Aldhaheri"]
[Black "Al Zarouni, Kholoud Essa"]
[Result "1-0"]
[WhiteElo "1587"]
[BlackElo "1861"]
[PlyCount "103"]
[EventDate "2016.03.28"]
[EventType "team-swiss"]
[EventRounds "9"]
[EventCountry "UAE"]
[SourceTitle "CBM 171 Extra"]
[Source "ChessBase"]
[SourceDate "2016.04.26"]
[SourceVersion "1"]
[SourceVersionDate "2016.04.26"]
[SourceQuality "1"]
[WhiteTeam "United Arab Emirates (W) II"]
[BlackTeam "United Arab Emirates (W)"]
[WhiteTeamCountry "UAE"]
[BlackTeamCountry "UAE"]

1. d4 Nf6 2. Nf3 c5 3. d5 e6 4. dxe6 fxe6 5. c4 Nc6 6. e3 Be7 7. Be2 0-0 8. 0-0 d5 9. Na3 a6 10. Nc2 Ne4 11. Nd2 Nd6 12. b3 Bf6 13. Rb1 b5 14. Bf3 Ne7 15. e4 Bb7 16. cxd5 exd5 17. exd5 Bxd5 18. Ne3 Bxf3 19. Nxf3 Ne4 20. Bb2 Bxb2 21. Rxb2 Qxd1 22. Rxd1 Rad8 23. Kf1 Nf5 24. Re1 Nd4 25. Nxd4 cxd4 26. Nd1 Nc5 27. Rd2 Kf7 28. Re5 Ne6 29. Nb2 Kf6 30. Nd3 Rd6 31. f3 Rc8 32. Re1 Rc3 33. Rc1 b4 34. Re1 a5 35. Nf2 Nc5 36. Ne4+ Nxe4 37. Rxe4 d3 38. Kf2 Rc1 39. Re3 Rc2 40. Ke1 Re6 41. Rxe6+ Kxe6 42. Rxc2 dxc2 43. Kd2 Kd5 44. Kxc2 Kd4 45. Kd2 g5 46. g3 h5 47. h4 g4 48. fxg4 hxg4 49. h5 Ke5 50. h6 Kf6 51. h7 Kg7 52. Ke3 1-0

[Event "Asian Clubs-ch zt (Women)"]
[Site "Amman"]
[Date "2015.01.20"]
[Round "2.2"]
[White "Shaikha, Abdallah Aldhaheri"]
[Black "Fatima, Al Argha"]
[Result "1-0"]
[WhiteElo "1588"]
[BlackElo "1420"]
[PlyCount "69"]
[EventDate "2015.01.19"]
[EventType "team-tourn"]
[EventRounds "7"]
[EventCountry "JOR"]
[SourceTitle "CBM 164 Extra"]
[Source "ChessBase"]
[SourceDate "2015.03.02"]
[SourceVersion "1"]
[SourceVersionDate "2015.03.02"]
[SourceQuality "1"]
[WhiteTeam "Al Ain (W)"]
[BlackTeam "Damascus Mohafasah (W)"]
[WhiteTeamCountry "UAE"]
[BlackTeamCountry "SYR"]

1. d4 d5 2. c4 c6 3. Nc3 Nf6 4. e3 e6 5. Nf3 Bb4 6. Qc2 Ne4 7. Be2 Qa5 8. Bd2 Bxc3 9. Bxc3 Nxc3 10. Qxc3 Qxc3+ 11. bxc3 0-0 12. 0-0 Nd7 13. cxd5 exd5 14. c4 Nf6 15. Rac1 Bf5 16. Nd2 Rab8 17. cxd5 cxd5 18. Rc7 Rfc8 19. Rfc1 h6 20. f3 Re8 21. Kf2 b5 22. Rxa7 Ra8 23. Rxa8 Rxa8 24. Bxb5 Rxa2 25. Ke2 Rb2 26. Bd3 Be6 27. h3 Nd7 28. Rc8+ Nf8 29. Rd8 g6 30. e4 dxe4 31. fxe4 Rb6 32. d5 Bd7 33. Nc4 Ra6 34. Ne5 Kg7 35. Bxa6 1-0